MARC

LEADER 00000nam0a2200000 4500
001 100426
005 20250628131436.0
035 |a (RuTPU)RU\TPU\book\108037 
090 |a 100426 
100 |a 20060823d1981 u a0rusy5003 ca 
101 0 |a rus 
200 1 |a Закономерности формирования просадочных свойств лёссовых пород Средней Азии и Южного Казахстана  |f [Н. И. Кригер, Н. Е. Котельникова, С. И. Лаврусевич, В. В. Севостьянов]  |g Производственный и научно-исследовательский институт по инженерным изысканиям в строительстве (ПНИИИС); [отв. ред. М. П. Лысенко] 
210 |a Москва  |c Наука  |d 1981 
215 |a 132 с.  |c ил.  |d 21 см. 
300 |a Авт. указаны на обороте тит. л. 
610 0 |a Грунты лессовидные 
610 0 |a сборники 
610 0 |a просадочные свойства 
610 0 |a формирование 
610 0 |a лессовые породы 
610 0 |a Средняя Азия 
610 0 |a Южный Казахстан 
610 0 |a лессы 
675 |a 551.311.33 
701 1 |a Кригер  |b Н. И.  |g Николай Иванович 
701 1 |a Котельникова  |b Н. Е. 
701 1 |a Лаврусевич  |b С. И. 
701 1 |a Севостьянов  |b В. В. 
702 1 |a Лысенко  |b М. П.  |g Михаил Павлович  |4 340 
712 0 2 |a Производственный и научно-исследовательский институт по инженерным изысканиям в строительстве (ПНИИИС)  |3 (RuTPU)RU\TPU\col\7464 
801 0 |a RU  |b RuMRKP  |c 19950704  |g psbo 
801 1 |a RU  |b 63413507  |c 20060823  |g PSBO 
801 2 |a RU  |b 63413507  |c 20160216  |g PSBO 
850 |a 63413507 
942 |c BK